Historia Cronológica Del Pueblo de Dios desde Adán hasta Jesu-Christo y descripción de la tierra que habitó El mismo
Guardat en:
| Autor principal: | |
|---|---|
| Format: | Llibre |
| Idioma: | espanyol |
| Publicat: |
Alcalá de Henares
Imprenta de la Real Universidad
1793
|
| Edició: | 1a. ed |
| Matèries: | |
| Etiquetes: |
Afegir etiqueta
Sense etiquetes, Sigues el primer a etiquetar aquest registre!
|
MARC
| LEADER | 00000nam a2200000 a 4500 | ||
|---|---|---|---|
| 001 | UCJ7251 | ||
| 003 | CL-VaPUC | ||
| 008 | 070124e17930000SP |||||||||||||||||spa|d | ||
| 082 | 0 | 4 | |a 090 |b PEÑ |2 21 |
| 100 | 0 | |a Peñalver, Juan |e author |9 515499 | |
| 245 | 1 | 0 | |a Historia Cronológica Del Pueblo de Dios desde Adán hasta Jesu-Christo y descripción de la tierra que habitó El mismo |
| 250 | |a 1a. ed | ||
| 300 | |a xliv, 477 p | ||
| 942 | |c BK | ||
| 945 | |d 20070124 00:00:00 |a rinostro | ||
| 260 | |a Alcalá de Henares |b Imprenta de la Real Universidad |c 1793 | ||
| 500 | |a 4§, pergamino.- Portada.- v. en b.- Dedicatoria a la Santísima Virgen María por Juan Hernández Delgado.- Falta el mapa que menciona Palau y el autor en el Prólogo.- La cubierta posterior presenta algunas rúbricas borrosas.- Apostillado.- Advierte errata | ||
| 650 | 7 | |a LIBROS RAROS |2 CL-VaPUC |9 321878 | |
| 650 | 7 | |a DESCRIPCION BIBLIOFILICA |2 CL-VaPUC |9 504580 | |
| 650 | 0 | |a Sagradas escrituras |9 349657 | |
| 650 | 0 | |a Textos sagrados |9 257605 | |
| 650 | 0 | |a Académicos |x Pontificia Universidad Católica de Valparaíso (PUCV) |9 255553 | |
| 650 | 0 | |a Ilustraciones |9 369481 | |
| 583 | |a last modification |c 20130912 04:17:54 |k Rodrigo Vera | ||
| 999 | |c 323347 |d 323345 | ||
| 952 | |0 0 |1 0 |4 0 |6 090_000000000000000_PEÑ_1793 |7 0 |8 X |9 402856 |a FDOBUD |b FDOBUD |d 2019-11-22 |i 1060481 |o 090 PEÑ 1793 |p 1060481 |r 2019-11-22 |w 2019-11-22 |y BK_X |k BUD | ||